La dimensión estética del hombre /

Guardado en:
Autor Principal: Calderaro, José D.
Formato: Libro
Publicado: Buenos Aires : Paidos, 1961
Etiquetas: Agregar Etiqueta
Sin Etiquetas, Sea el primero en etiquetar este registro!
LEADER 00402nam a22001455a 4500
001 CEM.cems001325
005 20060214000000.0
008 130507s1961##################000#0#####d
003 CEMS
082 0 4 |a 101 
100 1 |a Calderaro, José D. 
245 1 0 |a La dimensión estética del hombre / 
260 |a Buenos Aires :  |b Paidos,  |c 1961 
300 |a 254 p. 
859 |a CEMS  |b BIB. CEMS - 11 de abril  |h 101  |i C127  |p 275.73  |t Ej.1